[Event "Wch U20 60th"]
[Site "Mexico City"]
[Date "2023.10.01"]
[Round "11"]
[White "Kanyamarala, Tarun"]
[Black "Shaw, Jaden"]
[Result "1-0"]
[WhiteElo "2329"]
[BlackElo "2121"]
[PlyCount "87"]
[EventDate "2023.09.21"]
[EventType "swiss"]
[EventRounds "11"]
[EventCountry "MEX"]
[SourceTitle "EXT 2024"]
[Source "ChessBase"]
[SourceDate "2023.10.10"]
[SourceVersion "1"]
[SourceVersionDate "2023.10.10"]
[SourceQuality "1"]

1. d4 Nf6 2. c4 e6 3. Nc3 Bb4 4. e3 b6 5. Bd2 Bb7 6. Nf3 0-0 7. Bd3 d6 8. 0-0 e5 9. Bc2 exd4 10. exd4 d5 11. cxd5 Bxc3 12. bxc3 Qxd5 13. Re1 Nbd7 14. Bf4 c5 15. Qd3 cxd4 16. cxd4 Rad8 17. Bg5 h6 18. Bh4 Qh5 19. Bg3 Nc5 20. Qa3 Bxf3 21. dxc5 Bc6 22. Re5 Qg4 23. Qxa7 Qd4 24. Rae1 Ng4 25. Re7 bxc5 26. Qb6 Bd5 27. Qb1 Be6 28. R7xe6 fxe6 29. Re4 Qc3 30. Rxg4 Rd2 31. Bh7+ Kh8 32. h3 Rb2 33. Qe4 Rb4 34. Qc2 Qe1+ 35. Kh2 Rxg4 36. hxg4 c4 37. Be4 c3 38. f3 Qd2 39. Qb3 Rc8 40. Qxe6 Qd8 41. Qg6 Kg8 42. Qh7+ Kf8 43. Bg6 Qd5 44. Qh8+ 1-0

[Event "Olympiad-44"]
[Site "Chennai"]
[Date "2022.08.09"]
[Round "11.4"]
[White "Mcligeyo, Robert Oluka"]
[Black "Shaw, Jaden"]
[Result "1/2-1/2"]
[WhiteElo "1823"]
[BlackElo "1930"]
[PlyCount "75"]
[EventDate "2022.07.29"]
[EventType "team-swiss"]
[EventRounds "11"]
[EventCountry "IND"]
[SourceTitle "CBM 210"]
[Source "ChessBase"]
[SourceDate "2022.10.31"]
[SourceVersion "1"]
[SourceVersionDate "2022.10.31"]
[SourceQuality "1"]
[WhiteTeam "Kenya"]
[BlackTeam "Jamaica"]
[WhiteTeamCountry "KEN"]
[BlackTeamCountry "JAM"]

1. e4 e6 2. d4 d5 3. Nd2 c5 4. exd5 Qxd5 5. Ngf3 cxd4 6. Bc4 Qd6 7. 0-0 Nf6 8. Nb3 Nc6 9. Nbxd4 Nxd4 10. Nxd4 a6 11. c3 Qc7 12. Bb3 Bd6 13. h3 0-0 14. Qf3 e5 15. Nc2 Bd7 16. Bg5 Bc6 17. Qe2 Ne4 18. Bh4 Nc5 19. Ne3 Nxb3 20. axb3 f5 21. Rad1 Rae8 22. Qd3 Be7 23. Bxe7 Qxe7 24. Nxf5 Qg5 25. Ne3 Kh8 26. c4 Rf3 27. h4 Qxh4 28. Qe2 Qg5 29. b4 Rf4 30. Nd5 Rg4 31. f3 Rh4 32. Qf2 Rxc4 33. Rfe1 Bxd5 34. Rxd5 Rc1 35. Qf1 Rc2 36. f4 Qg6 37. Rdxe5 Qb6+ 38. Kh1 1/2-1/2

[Event "Olympiad-44"]
[Site "Chennai"]
[Date "2022.08.03"]
[Round "6.4"]
[White "Shaw, Jaden"]
[Black "Camacho Campusano, David Daniel"]
[Result "1-0"]
[WhiteElo "1930"]
[BlackElo "2221"]
[PlyCount "109"]
[EventDate "2022.07.29"]
[EventType "team-swiss"]
[EventRounds "11"]
[EventCountry "IND"]
[SourceTitle "CBM 210"]
[Source "ChessBase"]
[SourceDate "2022.10.31"]
[SourceVersion "1"]
[SourceVersionDate "2022.10.31"]
[SourceQuality "1"]
[WhiteTeam "Jamaica"]
[BlackTeam "Dominican Republic"]
[WhiteTeamCountry "JAM"]
[BlackTeamCountry "DOM"]

1. e4 e5 2. Nf3 Nc6 3. Bb5 f5 4. d3 fxe4 5. dxe4 Nf6 6. 0-0 d6 7. Nc3 a6 8. Be2 Be7 9. Be3 0-0 10. Ng5 Qe8 11. Bc4+ Kh8 12. Ne6 Bxe6 13. Bxe6 Bd8 14. Bh3 Ne7 15. Qd3 Qh5 16. Ne2 Ng4 17. Ng3 Qg6 18. Bd2 h5 19. f3 Nh6 20. f4 exf4 21. Bxf4 Ng4 22. Bd2 Re8 23. Rf4 Nc6 24. Rf5 Nce5 25. Qb3 h4 26. Rh5+ Nh6 27. Bf5 Qf7 28. Bxh6 Qxb3 29. axb3 hxg3 30. Bg5+ Kg8 31. Bh7+ Kf7 32. Rf1+ Bf6 33. hxg3 Rh8 34. Rh4 a5 35. Bxf6 gxf6 36. Bf5 Rxh4 37. gxh4 a4 38. Ra1 axb3 39. Rxa8 bxc2 40. Ra1 Nd3 41. e5 c1Q+ 42. Rxc1 Nxc1 43. e6+ Kf8 44. Kf2 Nb3 45. Ke3 Na5 46. Be4 Ke7 47. Bd5 Nc6 48. Ke4 Ne5 49. Kf5 c6 50. Bb3 Kf8 51. h5 d5 52. h6 b5 53. h7 Kg7 54. e7 Nf7 55. h8Q+ 1-0

[Event "Olympiad-44"]
[Site "Chennai"]
[Date "2022.08.01"]
[Round "4.3"]
[White "Shaw, Jaden"]
[Black "Nathoo, Loris"]
[Result "1-0"]
[WhiteElo "1930"]
[BlackElo "1695"]
[PlyCount "59"]
[EventDate "2022.07.29"]
[EventType "team-swiss"]
[EventRounds "11"]
[EventCountry "IND"]
[SourceTitle "CBM 210"]
[Source "ChessBase"]
[SourceDate "2022.10.31"]
[SourceVersion "1"]
[SourceVersionDate "2022.10.31"]
[SourceQuality "1"]
[WhiteTeam "Jamaica"]
[BlackTeam "Guyana"]
[WhiteTeamCountry "JAM"]
[BlackTeamCountry "GUY"]

1. e4 d6 2. d4 Nf6 3. Nc3 g6 4. f3 Bg7 5. Be3 Nbd7 6. Qd2 h6 7. Bc4 c6 8. a4 Qa5 9. Nge2 Qb4 10. Bb3 Qa5 11. 0-0 a6 12. Kh1 c5 13. f4 cxd4 14. Nxd4 Qh5 15. Nf3 Nc5 16. Bd5 e6 17. Bxc5 dxc5 18. Bc4 Ng4 19. Kg1 Bd4+ 20. Kh1 Ne3 21. Be2 Nxf1 22. Rxf1 Bxc3 23. Qxc3 0-0 24. Qf6 c4 25. Bxc4 Qc5 26. Ne5 Kh7 27. f5 gxf5 28. Nxf7 Qxc4 29. Qxh6+ Kg8 30. Qg6# 1-0

[Event "Olympiad-44"]
[Site "Chennai"]
[Date "2022.07.31"]
[Round "3.4"]
[White "Shaw, Jaden"]
[Black "Kanep, Meelis"]
[Result "1/2-1/2"]
[WhiteElo "1930"]
[BlackElo "2417"]
[PlyCount "78"]
[EventDate "2022.07.29"]
[EventType "team-swiss"]
[EventRounds "11"]
[EventCountry "IND"]
[SourceTitle "CBM 210"]
[Source "ChessBase"]
[SourceDate "2022.10.31"]
[SourceVersion "1"]
[SourceVersionDate "2022.10.31"]
[SourceQuality "1"]
[WhiteTeam "Jamaica"]
[BlackTeam "Estonia"]
[WhiteTeamCountry "JAM"]
[BlackTeamCountry "EST"]

1. e4 e5 2. Nf3 Nc6 3. d4 exd4 4. Nxd4 Nf6 5. Nxc6 bxc6 6. Bd3 d5 7. e5 Ng4 8. 0-0 Bc5 9. Bf4 g5 10. Bd2 Nxe5 11. Bc3 d4 12. Re1 dxc3 13. Rxe5+ Kf8 14. Nxc3 Bxf2+ 15. Kh1 Bd4 16. Re1 h5 17. Be4 Bg4 18. Qd3 Bf2 19. Qc4 Bxe1 20. Rxe1 Be6 21. Qc5+ Qe7 22. Qd4 Rh6 23. Bxc6 Rd8 24. Qxa7 Qd6 25. Be4 Qb6 26. Qa3+ c5 27. Bd3 Qb4 28. Qa7 c4 29. a3 Qd6 30. Nb5 Qc6 31. Qa5 Rb8 32. Nd4 Qd5 33. Qc7 Re8 34. Nxe6+ Rhxe6 35. Rf1 Rc6 36. Qg3 cxd3 37. cxd3 Rc2 38. b4 Re3 39. Qb8+ Kg7 1/2-1/2

[Event "FIDE World Cup American Qual Gp3"]
[Site "Tornelo INT"]
[Date "2021.05.22"]
[Round "1.1"]
[White "Krysa, Leandro Sergio"]
[Black "Shaw, Jaden"]
[Result "1-0"]
[WhiteElo "2527"]
[BlackElo "1614"]
[PlyCount "53"]
[EventDate "2021.05.22"]
[EventType "k.o. (rapid)"]
[EventRounds "4"]
[EventCountry "USA"]
[SourceTitle "CBM 202 Extra"]
[Source "ChessBase"]
[SourceDate "2021.07.31"]
[SourceVersion "1"]
[SourceVersionDate "2021.07.31"]
[SourceQuality "1"]

1. e4 e6 2. d4 d5 3. Nc3 Bb4 4. Nge2 dxe4 5. a3 Be7 6. Nxe4 Nf6 7. Nxf6+ Bxf6 8. Be3 0-0 9. Qd2 b6 10. 0-0-0 Bb7 11. Nf4 Nd7 12. Bc4 Re8 13. Rhe1 a6 14. d5 e5 15. Ne6 Qc8 16. Bg5 Kh8 17. Bxf6 gxf6 18. Qh6 fxe6 19. dxe6 Rxe6 20. Bxe6 Qf8 21. Qh4 Nc5 22. Bf5 Qf7 23. Re3 Rg8 24. Bxh7 Qa2 25. Bg6+ Kg7 26. Qh7+ Kf8 27. Rd8# 1-0

[Event "American World Cup Q Prelim"]
[Site "Tornelo INT"]
[Date "2021.05.09"]
[Round "6"]
[White "Shaw, Jaden"]
[Black "Del Castilho, Martyn Simon"]
[Result "1-0"]
[WhiteElo "1614"]
[BlackElo "2304"]
[PlyCount "67"]
[EventDate "2021.05.08"]
[EventType "swiss (rapid)"]
[EventRounds "9"]
[EventCountry "USA"]
[SourceTitle "CBM 202 Extra"]
[Source "ChessBase"]
[SourceDate "2021.07.31"]
[SourceVersion "1"]
[SourceVersionDate "2021.07.31"]
[SourceQuality "1"]

1. e4 e5 2. Nf3 Nc6 3. Bb5 a6 4. Ba4 Nf6 5. d3 b5 6. Bb3 Bc5 7. 0-0 d6 8. c3 h6 9. Nbd2 0-0 10. Re1 Bb6 11. Nf1 Ne7 12. Ng3 Ng6 13. a4 Rb8 14. d4 Bg4 15. h3 Bxf3 16. Qxf3 exd4 17. Nf5 Ne5 18. Qg3 Nh5 19. Qh2 dxc3 20. a5 Bc5 21. Be3 cxb2 22. Rad1 Bxe3 23. Rxe3 Qg5 24. h4 Qf6 25. Qh3 Rfe8 26. g4 Nf4 27. Qg3 Nfg6 28. g5 hxg5 29. hxg5 Qd8 30. Re2 Nc4 31. f3 Nxa5 32. Bd5 Nc4 33. Rh2 Nb6 34. Ba2 1-0

[Event "American World Cup Q Prelim"]
[Site "Tornelo INT"]
[Date "2021.05.09"]
[Round "5"]
[White "Shaw, Jaden"]
[Black "Salazar Gould, Melannie"]
[Result "1-0"]
[WhiteElo "1614"]
[BlackElo "1961"]
[PlyCount "97"]
[EventDate "2021.05.08"]
[EventType "swiss (rapid)"]
[EventRounds "9"]
[EventCountry "USA"]
[SourceTitle "CBM 202 Extra"]
[Source "ChessBase"]
[SourceDate "2021.07.31"]
[SourceVersion "1"]
[SourceVersionDate "2021.07.31"]
[SourceQuality "1"]

1. e4 e6 2. d4 d5 3. Nd2 Nf6 4. e5 Nfd7 5. Bd3 c5 6. c3 Nc6 7. Ne2 cxd4 8. cxd4 f6 9. exf6 Nxf6 10. Nf3 Bd6 11. 0-0 Qc7 12. Bg5 0-0 13. Rc1 h6 14. Bh4 Nh5 15. Bg3 Nxg3 16. Nxg3 Bd7 17. Bb1 Be8 18. Qd3 g6 19. Rfe1 Rf6 20. Ne5 Qg7 21. Ng4 Rf4 22. h3 Rxd4 23. Qe3 e5 24. Nxh6+ Kh8 25. Ng4 e4 26. Ne2 Rb4 27. Qg5 Bd7 28. Qh4+ Kg8 29. Nf6+ Kf8 30. Nxd7+ Qxd7 31. Qh8+ Ke7 32. Qxa8 Bb8 33. Nc3 Kf7 34. Rcd1 Qd6 35. g3 Rd4 36. Qxb7+ Kg8 37. Qc8+ Kh7 38. Qg4 Rxd1 39. Rxd1 Ne5 40. Qh4+ Kg7 41. Qf4 Nf3+ 42. Kg2 Qb6 43. Qe3 Qc6 44. Rxd5 Qf6 45. Rd7+ Kh8 46. Nxe4 Qe5 47. Qh6+ Kg8 48. Qh7+ Kf8 49. Qf7# 1-0

[Event "American World Cup Q Prelim"]
[Site "Tornelo INT"]
[Date "2021.05.09"]
[Round "8"]
[White "Shaw, Jaden"]
[Black "Song, Guannan Terry"]
[Result "1-0"]
[WhiteElo "1614"]
[BlackElo "2145"]
[PlyCount "61"]
[EventDate "2021.05.08"]
[EventType "swiss (rapid)"]
[EventRounds "9"]
[EventCountry "USA"]
[SourceTitle "CBM 202 Extra"]
[Source "ChessBase"]
[SourceDate "2021.07.31"]
[SourceVersion "1"]
[SourceVersionDate "2021.07.31"]
[SourceQuality "1"]

1. e4 c5 2. Nf3 d6 3. Bb5+ Nd7 4. 0-0 a6 5. Bd3 Ngf6 6. Re1 b5 7. c3 Bb7 8. Bc2 c4 9. a4 g6 10. axb5 axb5 11. Rxa8 Qxa8 12. Na3 Bg7 13. Nxb5 0-0 14. Qe2 Rc8 15. Na3 Nb6 16. d4 cxd3 17. Bxd3 Nbd7 18. Nc4 h6 19. h3 Rd8 20. Nd4 Nc5 21. Bc2 Ncxe4 22. Ne3 e5 23. Nf3 Nc5 24. Nh2 d5 25. Neg4 Nxg4 26. Nxg4 h5 27. Nh6+ Kf8 28. Bxg6 Qa6 29. Qxa6 Bxa6 30. Nxf7 Re8 31. Ng5 1-0

[Event "American World Cup Q Prelim"]
[Site "Tornelo INT"]
[Date "2021.05.09"]
[Round "7"]
[White "Vazquez, Facundo"]
[Black "Shaw, Jaden"]
[Result "1-0"]
[WhiteElo "2199"]
[BlackElo "1614"]
[PlyCount "133"]
[EventDate "2021.05.08"]
[EventType "swiss (rapid)"]
[EventRounds "9"]
[EventCountry "USA"]
[SourceTitle "CBM 202 Extra"]
[Source "ChessBase"]
[SourceDate "2021.07.31"]
[SourceVersion "1"]
[SourceVersionDate "2021.07.31"]
[SourceQuality "1"]

1. d4 Nf6 2. c4 g6 3. Nc3 Bg7 4. g3 0-0 5. Bg2 d6 6. Nf3 Nbd7 7. 0-0 e5 8. e4 c6 9. h3 Qb6 10. c5 dxc5 11. dxe5 Ne8 12. e6 fxe6 13. Ng5 Ne5 14. Na4 Qb5 15. f4 Nf7 16. Nxf7 Rxf7 17. e5 Rd7 18. Qc2 b6 19. Nc3 Qd3 20. Qxd3 Rxd3 21. Bxc6 Nc7 22. Bxa8 Nxa8 23. Rd1 Rxd1+ 24. Nxd1 Nc7 25. Be3 Nd5 26. Bf2 Bb7 27. Nc3 Kf8 28. Rc1 Ke8 29. Nb5 Ba6 30. Nxa7 Kd7 31. a4 Kc7 32. Nb5+ Bxb5 33. axb5 Nb4 34. Ra1 Kb7 35. Rd1 Nd5 36. Kg2 Bf8 37. h4 h5 38. Kf3 Kc7 39. g4 hxg4+ 40. Kxg4 Bh6 41. Rxd5 exd5 42. f5 gxf5+ 43. Kxf5 d4 44. Ke4 Bd2 45. h5 Kd7 46. Bh4 Ke6 47. Bd8 Bc1 48. Bxb6 Bxb2 49. Bxc5 d3 50. Kxd3 Bxe5 51. h6 Kd5 52. b6 Kxc5 53. Ke4 Bd6 54. h7 Kxb6 55. h8Q Kc6 56. Qf6 Kc5 57. Qd4+ Kc6 58. Qd5+ Kd7 59. Kf5 Kc7 60. Ke6 Bf8 61. Qd7+ Kb6 62. Qd8+ Ka6 63. Qxf8 Ka7 64. Qb4 Ka8 65. Kd7 Ka7 66. Kc7 Ka6 67. Qa4# 1-0

[Event "American World Cup Q Prelim"]
[Site "Tornelo INT"]
[Date "2021.05.08"]
[Round "3"]
[White "Shaw, Jaden"]
[Black "Diaz Perez, Michel Alejandro"]
[Result "0-1"]
[WhiteElo "1614"]
[BlackElo "2459"]
[PlyCount "88"]
[EventDate "2021.05.08"]
[EventType "swiss (rapid)"]
[EventRounds "9"]
[EventCountry "USA"]
[SourceTitle "CBM 202 Extra"]
[Source "ChessBase"]
[SourceDate "2021.07.31"]
[SourceVersion "1"]
[SourceVersionDate "2021.07.31"]
[SourceQuality "1"]

1. e4 e5 2. Nf3 Nc6 3. Bb5 a6 4. Ba4 Nf6 5. d3 d6 6. 0-0 g6 7. Re1 Bg7 8. Nbd2 0-0 9. Nf1 b5 10. Bb3 Na5 11. Ng3 h6 12. c3 Nxb3 13. Qxb3 Re8 14. d4 Bb7 15. dxe5 dxe5 16. a4 Qd7 17. axb5 axb5 18. Rxa8 Bxa8 19. Nh4 Kh7 20. f3 Rd8 21. Nf1 Bc6 22. Ne3 Qe7 23. g3 Ra8 24. Rd1 Bf8 25. Kg2 Qe6 26. Qxe6 fxe6 27. Kf2 Nd7 28. Nhg2 Nc5 29. Ng4 Bg7 30. Be3 Nb3 31. Ke2 h5 32. Nf2 Ra2 33. Nd3 Be8 34. Rb1 Kg8 35. Nge1 Bf8 36. Nc2 Bd6 37. f4 exf4 38. Bxf4 Ra4 39. e5 Be7 40. Nf2 g5 41. Be3 Bg6 42. Nd3 c5 43. Rd1 Ra2 44. Rb1 c4 0-1

[Event "Kingston Chan Memorial op"]
[Site "Kingston"]
[Date "2017.09.21"]
[Round "2"]
[White "Shaw, Jaden"]
[Black "Smith, Melisha"]
[Result "0-1"]
[WhiteElo "1389"]
[BlackElo "1671"]
[PlyCount "98"]
[EventDate "2017.09.21"]
[EventType "swiss"]
[EventRounds "6"]
[EventCountry "JAM"]
[SourceTitle "EXT 2020"]
[Source "ChessBase"]
[SourceDate "2019.10.17"]
[SourceVersion "1"]
[SourceVersionDate "2019.10.17"]
[SourceQuality "1"]

1. e4 c5 2. Nf3 e6 3. d4 cxd4 4. Nxd4 Nc6 5. c4 d5 6. cxd5 exd5 7. Nxc6 bxc6 8. exd5 Qxd5 9. Qxd5 cxd5 10. Nc3 Nf6 11. Bg5 Be6 12. Bb5+ Ke7 13. Rd1 Rd8 14. Bc6 d4 15. Nb5 h6 16. Bxf6+ Kxf6 17. a3 Bc5 18. b4 Bb6 19. Bb7 Rhe8 20. Bc6 Bd7+ 21. Kd2 Bxc6 22. a4 Bxg2 23. Rhg1 Bf3 24. Rde1 Rxe1 25. Rxe1 a6 26. Na3 d3 27. Nc4 Ba7 28. Ne3 Be2 29. Rc1 Rd6 30. a5 Bd4 31. h3 g5 32. Rc4 h5 33. Rc7 Bxe3+ 34. fxe3 Bf1 35. h4 g4 36. Rc4 Be2 37. Rf4+ Ke6 38. Re4+ Kd5 39. Rd4+ Ke5 40. Rf4 f5 41. Rc4 g3 42. Rc1 g2 43. Rg1 Bf1 44. Ke1 d2+ 45. Kd1 Ke4 46. b5 Kxe3 47. Rxg2 Bxg2 48. b6 Rc6 49. b7 Rc1# 0-1